000 00299 a2200157 4500
001 177018
020 _a
040 _cMagnum
100 _aCarvalho, Andre
240 1 0 _aAmor
_lpor
245 1 0 _aAmor
362 0 _a1899
440 1 _aLĂȘ
697 _aMAGNITO: EDUCACAO FAMILIAR
942 _cBK
999 _c177018
_d177018